000 01026nam a2200217Ia 4500
999 _c38420
_d38420
001 4431
003 GE_BSU
005 20190516210605.0
008 181216s1980|||| |||||||||||||| ||geo||
040 _cGE_BSU
041 _ageo
080 _a531(072) მ–19
245 _aმეთოდური მითითებები სტატიკის ამოცანების ამოსახსნელად სივრცეში მდებარე ძალთა სისტემის შემთხვევაში/
_cშემდგ : გ.დანელია ; ი. გორჯოლაძე .
264 _aთბილისი,
_c1980.
300 _a65 გვ . :
_c20 სმ.
653 _aთეორიული მექანიკა. სტატიკა
653 _aფიზიკა
700 _aდანელია, გ
_eშემდგენელი
_91289
700 _aგორჯოლაძე, ი
_eშემდგენელი
_91290
942 _cBK
_2udc